00510 2200193 4500001002100000005001500021008004100036020002200077035001900099041000700118082000800125090001400133100001800147245004300165260004000208300002800248500001000276650003000286INLIS00000000000213420241224112500241224||||||||| | ||| |||| || |  a978-602-97559-8-5 0010-1224002134 aid0 a610 a610 SRI i0 aSri Handayani00aIlmu Politik Dalam Kebijakan Kesehatan aYogyakartabGosyen Publishingc2011 axv, 164 hlm. : 19,8 cm. aCet.1 0akesehatan -- Ilmu Politik